| 000 | 00455nam a2200169Ia 4500 | ||
|---|---|---|---|
| 003 | SGT | ||
| 020 | _a9788131732458 | ||
| 082 |
_a4.22 _bSTA |
||
| 100 | _aStallings,William | ||
| 245 | _aComputer organization and architecture | ||
| 250 | _a8th Ed. | ||
| 260 |
_bPearson _aN.Delhi _c2010 |
||
| 300 | _a792p. | ||
| 650 | _aCOMPUTER SCIENCE | ||
| 653 | _aCOMPUTER EVOLUTION AND PERFORMANCE,INTERNAL MEMORY TECHNOLOGY176 INPUT /OUTPUT | ||
| 942 |
_2ddc _cBK _012 |
||
| 999 |
_c5187 _d5187 |
||